The parentpreneur edge : What parenting teaches about building a successful business

Successful parenting skills can be put to great use when you journey down the exciting path of entrepreneurship. This book will help readers make that important connection." -Monica Smiley, Publisher and CEO, Enterprising Women magazine

Gespeichert in:
Bibliographische Detailangaben
1. Verfasser: Kirk, Julie Lenzer
Format: Buch
Sprache:Undetermined
Veröffentlicht: Hoboken, N.J. John Wiley & Sons 2007
Schlagworte:
Tags: Tag hinzufügen
Keine Tags, Fügen Sie den ersten Tag hinzu!
Thư viện lưu trữ: Trung tâm Học liệu Trường Đại học Cần Thơ
LEADER 00838nam a2200217Ia 4500
001 CTU_162765
008 210402s9999 xx 000 0 und d
020 |c 24.95 
082 |a 658.1 
082 |b K59 
100 |a Kirk, Julie Lenzer 
245 4 |a The parentpreneur edge : 
245 0 |b What parenting teaches about building a successful business 
245 0 |c Julie Lenzer Kirk 
260 |a Hoboken, N.J. 
260 |b John Wiley & Sons 
260 |c 2007 
520 |a Successful parenting skills can be put to great use when you journey down the exciting path of entrepreneurship. This book will help readers make that important connection." -Monica Smiley, Publisher and CEO, Enterprising Women magazine 
650 |a Entrepreneurship,Parenting 
904 |i Giang 
980 |a Trung tâm Học liệu Trường Đại học Cần Thơ